Statistics for Most Dangerous Countries 2022

Click here to take the quiz!

General Stats

  • This quiz has been taken 33 times
  • The average score is 12 of 20

Answer Stats

PlaceAnswer% Correct
1Afghanistan
77%
7Iraq
77%
4Russia
73%
3Syria
73%
11Ukraine
73%
2Yemen
73%
5South Sudan
70%
20Colombia
67%
13Libya
67%
8Somalia
67%
10Sudan
67%
16Venezuela
67%
12North Korea
63%
9Central African Republic
57%
14Mali
57%
15Ethiopia
53%
17Pakistan
53%
18Burkina Faso
40%
6D.R. Congo
37%
19Turkiye
37%

Score Distribution

Percentile by Number Answered

Percent of People with Each Score

Your Score History

You have not taken this quiz